1636 1958 1317 1276 1263 1822 1405 1450 1944 1453 1886 1919 1050 1971 1489 1076 1751 1223 1064 1614 1833 1320 1080 1414 1479 1638 1633 1040 1577 1949 1935 1191 1058 1754 1914 1450 1803 1983 1540 1908 1264 1383 1103 1581 1434 1746 1554 1053 1352 1736 1174 1010 1956 1862 1390 1515 1316 1552 1321 1099 1663 1123 1783 1829 1985 1399 1750 1137 1403 1201 1769 1448 1614 1504 1133 1690 1447 1012 1991 1364 1405 1133 1172 1861 1269 1368 1779 1122 1818 1328 1228 1748 1832 1905 1601 1796 1031 1161 1199 BCNSPRNW ULIB Ver.6.0+V

เปลี่ยนเป็นภาษาไทย

Change to English
 แสดงรายละเอียดบรรณานุกรม
  กลับหน้าหลัก

Brief Record : Get Marc (ISO 2709) : E-mail record : QR code < ปิดหน้าต่าง
LEADER : 00000nam 2200000uu 4500
001    13399124509
003     ULIB
008    150817s2556 th a 000 0 tha d
020    9789749804261
020    9789749804260
090    นว.^bล158ส ล.9
100    ล่อร่า อิงกัลล์ส์ ไวล์เดอร์;^eผู้แต่ง
245    สี่ปีแรก/^cล่อร่า อิงกัลล์ส์ ไวล์เดอร์. ; เขียน ,สุคนธรส. ; แปล
250    พิมพ์ครั้งที่ 8
260    กรุงเทพฯ :^bแพรวเยาวชน,^c2556
300    117 หน้า;^b18.5 ซม.
500    หนังสือชุดบ้านเล็ก
700    สุคนธรส ;^eแปล
945    ^p85^l0^i039780
999    ^aทศพร
รายการนี้ยังไม่มีแท็ก
คุณยังไม่ได้ล็อกอิน คุณสามารถมีกิจกรรมร่วมกับเว็บไซต์ได้ แต่ต้องล็อกอินก่อน ::
  ล็อกอิน

รายการสื่อสารสนเทศ

ลำดับที่ ประเภท เลขเรียก/บาร์โค้ด สถานที่ สถานะ
1. นวนิยาย
นวนิยาย
นว. ล158ส ล.9 ฉ.1 
  Barcode: 039780
ห้องสมุดวิทยาเขตสวรรค์ประชารักษ์
►นวนิยาย
บนชั้น
  ขอยืม

BibComment


ยังไม่เคยถูกคอมเมนท์

คอมเมนท์ทรัพยากรรายการนี้
  คอมเมนท์: สี่ปีแรก ล่อร่า อ..


 Copyright 2026. Bcnsprnw @Library